|
|
|
|
| LEADER |
00000cam a2200000 a 4500 |
| 001 |
vtls001165775 |
| 003 |
SK-MaSNL |
| 005 |
20260301045929.0 |
| 008 |
240314s1973 xo da e n 00000 slo |
| 015 |
|
|
|a SNBA1973
|
| 035 |
|
|
|a SNK000108754
|
| 040 |
|
|
|a SNK
|b slo
|c SNK
|e AACR2
|
| 041 |
0 |
|
|a slo
|
| 044 |
|
|
|a xo
|c SK
|
| 080 |
|
|
|a 631.3.004.67(076.5)(075.8)
|2 1981
|
| 100 |
1 |
|
|a Marko, Michal
|4 aut
|9 278346
|
| 245 |
1 |
0 |
|a Technológia a organizácia opráv strojov
|b návody na cvičenia z tehnológie opráv strojov
|n 1. časť
|c Michal Marko, Július Balog, Jozef Balla
|
| 250 |
|
|
|a 1. vyd.
|
| 260 |
|
|
|a Nitra
|b Vysoká škola poľnohospodárska
|c 1973
|
| 300 |
|
|
|a 215 s.
|b ilustr., grafy, tab.
|c 4°
|
| 366 |
|
|
|e 400 výt.
|
| 504 |
|
|
|a Bibliogr. odkazy
|
| 650 |
0 |
7 |
|a poľnohospodárske stroje
|2 SNKPH
|9 3574
|
| 650 |
0 |
7 |
|a opravy strojov
|2 SNKPH
|9 354755
|
| 650 |
0 |
7 |
|a technológia
|2 SNKPH
|9 66619
|
| 655 |
|
7 |
|a učebnice vysokých škôl
|2 SNKPH
|9 70191
|
| 700 |
1 |
|
|a Balog, Július,
|d 1942-
|4 aut
|9 213979
|
| 700 |
1 |
|
|a Balla, Jozef,
|d 1944-2021
|4 aut
|9 101836
|
| 958 |
|
|
|a OND
|
| 958 |
|
|
|a TL
|
| 958 |
|
|
|a NB
|
| 999 |
|
|
|c 599714
|d 601644
|
| 952 |
|
|
|a SNK
|b SNK
|y PREZ
|7 0
|p 17A0899732
|o snkSB 20056/1
|i snkKSP 7437/73
|0 0
|1 0
|4 0
|d 2014-04-04
|f 1
|l 0
|r 2025-03-25 00:00:00
|w 2026-02-23
|
| 952 |
|
|
|a SNK
|b SNK
|y VYP
|7 0
|o snkSB 20056/1 D1
|i snkKSP 7438/73
|0 0
|1 0
|4 0
|d 2014-04-04
|l 0
|r 2026-02-23 15:50:56
|w 2026-02-23
|